Quizzes
Events
Quiz Creation
Community
Videos
Private Events
Remove Ads
Sign In
Join for FREE
Feedback
Dark Mode
Quiz Categories
Sports
Geography
Music
Movies
Television
Just For Fun
Miscellaneous
History
Literature
Language
Science
Gaming
Entertainment
Religion
Holiday
For Kids
Quiz Lab
Recent
Popular Today
Quiz Kudos Today
Editor Picks
Curator Picks
Quizzes by...
Day
Popularity
Type
Ratings
Length
Year
Community
Subscriptions
Recent Discussions
Orange Saloon
Badges
Playlists
Quests
Create
Leaderboards
Showdown
Live 5
Trivia Bingo
Activity
Puzzle Library
Sporcle Events
Private Events
Virtual Trivia
Globe League
Become a Host
Pub Owners
SporcleCon
Opinionation
Our Games
Videos
Blog
Mobile Apps
Partnerships
Remove Ads and Go Orange
Feedback
Geography
Country
Landmarks
City
State
Population
World
Capital
Continent
Flags
Europe
Africa
Asia
South America
North America
Oceania
Border
Canada
United Kingdom
Topography
United States
Geography
Country
Landmarks
City
State
Population
World
Capital
Continent
Flags
Europe
Africa
Asia
South America
North America
Oceania
Border
Canada
United Kingdom
Topography
United States
Random Quiz
Search Sporcle
×
Quiz Lab
Quiz Lab
Geography
Capital
Type in answers that appear in a list
Type in answers that appear in a list
Classic
Best Score? Go Orange.
Norwegian County Capitals Stats
Can you name the capitals (administrative centers) of Norway's counties?
By
SnorMcLax
4m
19 Questions
421 Plays
421 Plays
421 Plays
Comments
Comments
Give Quiz Kudos
Give Quiz Kudos
-
- Ratings
hide this ad
Replay
Link that replays current quiz
Next Quiz
Link to next quiz in quiz playlist
You Got
0%
They Got
Avg Score
75%
Avg Friend Score
Upgrade to see
Score Distribution
Jump to the score distribution portion of the page
Score
0/19
Timer
04:00
0
Plays Today
County
Administrative Center
% Correct
Akershus
Oslo
98.6%
Oslo
City of Oslo
98.6%
Hordaland
Bergen
96%
Troms (Romsa)
Tromsø
94.5%
Sør-
Trøndelag
Trondheim
90.7%
Rogaland
Stavanger
90%
Vest-
Agder
Kristiansand
85.3%
Nordland
Bodø
84.3%
Oppland
Lillehammer
75.8%
Buskerud
Drammen
75.3%
County
Administrative Center
% Correct
Møre og Romsdal
Molde
74.1%
Hedmark
Hamar
71.5%
Telemark
Skien
68.4%
Østfold
Sarpsborg
66%
Finnmark
Vadsø
62%
Vestfold
Tønsberg
61.8%
Aust-
Agder
Arendal
59.6%
Nord-
Trøndelag
Steinkjer
57.5%
Sogn og Fjordane
Leikanger
26.6%
Quiz Playlist
Details
Report
Send in Message
Add To Playlist
Classic:
Type in answers that appear in a list
Last Updated: Feb 16, 2017
Quiz Scoreboard
CHALLENGE
Sign Up to Join the Scoreboard
Show All
Scores
Hide
Comments
May contain spoilers
Recently Published
NBA Finals Game Top Scorers (2010s)
by flibbidy
Sports
5m
Guess the 'R' Things in 3 Words
by MSUKent
Miscellaneous
3m
Actor to Badly Drawn Movie III
by MoMosMoProblems
Movies
5m
More to Explore
Quiz From the Vault
Featured Blog Post
Where Does Lost Luggage Go?
hide this ad
You Might Also Like...
Tags
Capital Quiz
City Quiz
counties
Norway
Norwegian
Today's Top Quizzes in Geography
Browse Geography
hide this ad
Today's Top Quizzes in Capital
Browse Capital
Top Contributed Quizzes in Geography
1
Countries of the World - No Outlines Minefield
2
Find the Landmarks A-Z
3
Lietuvos savivaldybės (Lithuanian Municipalities)
4
Blind Ultimate Minefield: World
5
Ultimate Geography Challenge 'A'
6
Find the US States - No Outlines
7
3, 2, 1 or 0: Land Borders
8
Complete the Map Snippet (Minefield) IX
9
Nickname Match: U.S. States
10
Complete the Map Snippet (Minefield) X
Explore More
Trending Topics
Disney
Marvel
NBA
Kpop
Anime
Harry Potter
Crossword
Song
Soccer
Country
Puzzle
Pokémon
WWE
NFL
The Office
hide this ad
More By:
SnorMcLax
Quiz
Plays
Rating
Category
Featured
Created
European Cities Sorting Blitz
67,678
4.17
Geography
Sep 20, 2017
European Cities Sorting Blitz II
23,716
4.33
Geography
Sep 22, 2017
Sorting Cities in Europe: NO, NL
7,258
5.00
Geography
Dec 13, 2017
Sorting Cities in Europe: ES, RU, HU, RU
6,602
4.90
Geography
Sep 21, 2017
Europe by 'A' City Match
4,355
4.50
Geography
Sep 20, 2017
Go to Creator's Profile
Score Distribution
Quiz Creator Spotlight
SnorMcLax
Follow
Send a Message
Quizzes Created
-
Created Quiz Play Count
-
More By This Creator
Popular Quizzes Today
1
Find the US States - No Outlines Minefield
2
Find the US States
3
The Countries of the World
4
10 Largest US States in Order
5
Find the Countries of Europe - No Outlines Minefield
6
US States
7
Guess the 'R' Things in 3 Words
8
NBA Finals Game Top Scorers (2010s)
More Geography Quizzes
Geography Slot Machine
Published
Trending Quizzes
First Name TV: Leading Men
Match the Book to the Film II
First Name TV: Leading Women Drama
Match the Book to the Film VI
Pick A Pair: Religious TV
Recently Updated
Women's Final Four Teams by Year
bhenderson79
Presidents Quartet II
eogle
Anything But Clue(do)
eogle
Anything But Oceanian Capitals
eogle
Anything But 7
eogle
Anything But Thing
eogle
Word Ladder: February 29
pecheneg
Song Title Questions
pecheneg
Women's NCAA Tournament #1 Seeds
pecheneg
Celebrity Mug Shots
pecheneg
Trending Topics
Anime
Disney
NBA
Harry Potter
Kpop
Marvel
Crossword
Song
Soccer
NFL
The Office
Puzzle
Pokémon
WWE
Country
Your Account Isn't Verified!
In order to create a playlist on Sporcle, you need to verify the email address you used during registration. Go to your
Sporcle Settings
to finish the process.
Report this User
Report this user for behavior that violates our
Community Guidelines
.
Details:
Send Report
Go to the Sporcle.com Mobile Site →
Comments